000 00496pab a2200193 454500
008 180718b1988 xxu||||| |||| 00| 0 eng d
100 _aBuch, M.N.
245 _aTraining needs of the All-India Services
260 _c1988
300 _ap.492-496.
362 _aJul-Sep
650 _aTraining - India
650 _aCivil service - India
650 _aCivil service - Training
650 _aTraining
773 _aIndian Journal of Public Administration
908 _aN
909 _a88854
999 _c88854
_d88854